Logo BPK

Biblioteka

Politechniki Koszalińskiej

Real Estate Dictionary / (Rekord nr 47687)

Szczegóły MARC
000 -ETYKIETA REKORDU
podpole kontrolne o stałej długości 00528nam a2200193 i 4500
001 - NUMER KONTROLNY REKORDU
pole kontrolne bgj
020 ## - MIĘDZYNARODOWY ZNORMALIZOWANY NUMER KSIĄŻKI - ISBN
ISBN 0899503217
040 ## - ŹRÓDŁO KATALOGOWANIA
Instytucja, która utworzyła rekord BPK
041 0# - KOD JĘZYKA
Kod języka tekstu eng
920 ## - Międzynarodowy znormalizowany numer książki – ISBN
ISBN 0-89950-321-7
008 - POLE O STAŁEJ DŁUGOŚCI - DANE KONTROLNE
podpole kontrolne o stałej długości s uk f |000 0 eng
100 1# - NAZWA OSOBOWA
Nazwa osobowa THOMSETT, Michael C.
245 #0 - TYTUŁ/ODPOWIEDZIALNOŚĆ
Tytuł Real Estate Dictionary /
Pozostałe elementy strefy tytułu i oznaczenia odpowiedzialności Michael C. Thomsett.
260 ## - STREFA ADRESU WYDAWNICZEGO
Miejsce wydania Jefferson, NC :
Nazwa wydawcy/dystrybutora McFarland & Company Inc.,
Data publikacji, dystrybucji/powstania dokumentu c. 1988
Miejsce wydania London.
300 ## - STREFA OPISU FIZYCZNEGO
Objętość XI, 220 pp :
Inne cechy fizyczne fig. ;
Rozmiary 24 cm.
650 #9 - HASŁO PRZEDMIOTOWE W FORMIE NAZWY OGÓLNEJ LUB JEDNOSTKOWEJ
Nazwa ogólna lub geograficzna Real estate business
655 ## - TERMIN INDEKSOWY - OKREŚLENIE RODZAJU/FORMY DOKUMENTU
Określenie rodzaju/formy dokumentu Dictionaries
856 ## - LOKALIZACJA I DOSTĘP DO ELEKTRONICZNYCH DOKUMENTÓW ZDALNYCH
Link (URL) http://koha.tu.koszalin.pl/cgi-bin/koha/opac-detail.pl?biblionumber=47687
Tekst linku Katalog online BPK
942 ## - DODATKOWE ELEMENTY (KOHA)
Typ dokumentu Książka
Egzemplarze
Wycofany Status egzemplarza Uszkodzony Dostępność Lokalizacja stała Lokalizacja bieżąca Miejsce przechowywania Sygnatura Kod kreskowy Ostatnio wypożyczono Typ dokumentu
      Dostępny Biblioteka Politechniki Koszalińskiej Biblioteka Politechniki Koszalińskiej Wypożyczalnia Językowa KA 4229 09012660 14.03.2019 Książka
© 2023 Biblioteka Politechniki Koszalińskiej :: KOHA